=LDR 00000nam 2200000 4500 =001 INLIS000000000012014 =005 20130612103548 =008 ***********************************Ind** =035 ##$$0010-061300000012014 =041 ##$$a Ind =082 ##$$a 511 =090 ##$$a 511, Pal b =100 ##$$a Paling, D =245 ##$$a Bilangan dan sistem bilangan, Matematika gaya baru untuk Guru dan Orang tua, D. Paling =260 ##$$a 1976 $b Jakarta =300 ##$$a ...Jil, ilus, 21 cm =650 ##$$a Bilangan =650 ##$$a Sistem =850 ##$$a NBPNMAT